书目信息 |
| 题名: |
奇异积分方程
|
|
| 作者: | 赵桢 著 | |
| 分册: | ||
| 出版信息: | 北京 北京师范大学出版社 1984 |
|
| 页数: | 284页 | |
| 开本: | 19cm | |
| 丛书名: | ||
| 单 册: | ||
| 中图分类: | O175.5 | |
| 科图分类: | ||
| 主题词: | 奇异积分方程 | |
| 电子资源: | ||
| ISBN: | ||
| 000 | 00616nam0 2200241 45 | |
| 001 | 0184002243 | |
| 005 | 20040705091942.1 | |
| 010 | @dCNY1.15 | |
| 091 | @a13243.49 | |
| 100 | @a19950603d1984 emky0chiy0121 ea | |
| 101 | 0 | @achi |
| 102 | @aCN@b110000 | |
| 105 | @ay z 000yy | |
| 106 | @ar | |
| 200 | 10 | @a奇异积分方程@Aqi yi ji fen fang cheng@f赵桢著 |
| 210 | @a北京@c北京师范大学出版社@d1984 | |
| 215 | @a284页@d19cm | |
| 606 | @a奇异积分方程 | |
| 690 | @aO175.5@v3 | |
| 701 | 0 | @a赵桢@Azhao zhen@4著 |
| 801 | 0 | @aCN@b上海图书馆@c20040521 |
| 801 | 2 | @aCN@bNLC@c20040521 |
| 905 | @dO175.5@e36@f1@b124836 | |
| 奇异积分方程/赵桢著.-北京:北京师范大学出版社,1984 |
| 284页;19cm |
| ISBN :CNY1.15 |
| ● |
| 相关链接 |
|
|
|
|
正题名:奇异积分方程
索取号:O175.5/36
 
预约/预借
| 序号 | 登录号 | 条形码 | 馆藏地/架位号 | 状态 | 备注 |
| 1 | 0124836 | 001940546 | 第三借阅区/ [索取号:O175.5/36] | 在馆 | |
| 2 | 0124837 | 000424151 | 第二样本阅览室/ [索取号:O175.5/36] | 在馆 | |
| 3 | 0237595 | 000424160 | 第三借阅区/ [索取号:O175.5/36] | 在馆 | |
| 4 | 0237596 | 000424179 | 第三借阅区/ [索取号:O175.5/36] | 在馆 | |
| 5 | 0237597 | 000424188 | 第三借阅区/ [索取号:O175.5/36] | 在馆 |